banner koha

Sobre a familia Spinturnicidae oudemans, 1902 e seus hospedeiros no Brasil, com um estudo biometrico de Periglischrus iheringi oudemans, 1902 e Periglischrus ojastii Machado - Allison, 1964 (Arthropoda: Acari: Mesostigmata) (Registro n. 22256)

MARC details
000 -LÍDER
campo de controle de tamanho fixo 01001nam a22002657a 4500
001 - NÚMERO DE CONTROLE
campo de controle BR7602888
003 - IDENTIFICADOR DO NÚMERO DE CONTROLE
campo de controle BR-BrBNA
005 - DATA E HORÁRIO DA ÚLTIMA TRANSAÇÃO
campo de controle 20230928085001.0
007 - CAMPO FIXO DE DESCRIÇÃO FÍSICA--INFORMAÇÃO GERAL
campo de controle de tamanho fixo ta
008 - CAMPO DE DADOS FIXOS--INFORMAÇÃO GERAL
campo de controle de tamanho fixo 230509b bl.||||| |||| 00| 0 por d
040 ## - FONTE DA CATALOGAÇÃO
Instituição da catalogação original BR-BrBNA
Idioma da catalogação por
Instituição que transcreveu o registro Biblioteca Nacional de Agricultura
041 ## - CÓDIGO DE IDIOMA
Código do idioma do texto/trilha sonora ou título diferente (Por)
072 ## - CÓDIGO DE CATEGORIA DE ASSUNTO
Código de Categoria de Assunto L72
Código do objeto 4030
-- /G514
090 ## - NÚMERO DE CHAMADA LOCAL
-- 4030 BR7602888
100 1# - ENTRADA PRINCIPAL--NOME PESSOAL
Nome pessoal Confalonieri, U.E.C.
110 1# - ENTRADA PRINCIPAL--NOME CORPORATIVO
Nome corporativo ou nome da jurisdição Universidade Federal Rural do Rio de Janeiro, Itaguai (Brasil)
Grau Universitário Tese (Magister Scientiae)
9 (RLIN) 11225
245 1# - TÍTULO
Título Sobre a familia Spinturnicidae oudemans, 1902 e seus hospedeiros no Brasil, com um estudo biometrico de Periglischrus iheringi oudemans, 1902 e Periglischrus ojastii Machado - Allison, 1964 (Arthropoda: Acari: Mesostigmata)
260 3# - PUBLICAÇÃO, DISTRIBUIÇÃO, ETC.
Local de publicação, distribuição, etc. Itaguai, RJ (Brasil):
Data da publicação, distribuição, etc. 1976.
300 ## - DESCRIÇÃO FÍSICA
Extensão 75 p.
500 ## - NOTA GERAL
Nota geral 10 tables; 23 illus.; 8 graphs; 39 ref.; Summaries (Eng, Por)
650 ## - ASSUNTO--TERMO TÓPICO
Cabeçalho tópico ou nome geográfico Acaro
650 ## - ASSUNTO--TERMO TÓPICO
Cabeçalho tópico ou nome geográfico Parasito de animal
909 ## -
-- 202309
-- Lucia
-- 55
-- Lucia Elande
942 ## - ELEMENTOS DE ENTRADA ADICIONADOS (KOHA)
Tipo de material Koha Livros
Exemplares
Situação do descarte Fonte da classificação ou esquema de arquivamento na estante Situação física Não pode ser emprestado Coleção Biblioteca de origem Biblioteca atual Total de empréstimos Número de telefone completo Código de barras Data de último acesso Número do exemplar Tipo de material Koha Situação das perdas Data de aquisição Fonte de aquisição
  Classificação AGRIS       Biblioteca Nacional de Agricultura - Binagri Biblioteca Nacional de Agricultura - Binagri   4030 BR7602888 4030 BR7602888 25/09/2023 01 Livros   2023-09-25 Portaria Interministerial nº 164/94

BINAGRI

Telefone: (61)3218-2567/2388/3357/2097 - binagri@agro.gov.br

Ministério da Agricultura e Pecuária , Esplanada dos Ministérios, Bloco D, Anexo B, Brasília/DF, CEP: 70.043-900